Country By Its Divisions - Statistics

General Stats
  • This quiz has been taken 10 times
  • The average score is 8 of 10
Answer Stats
Modern-Day Country Year Country % Correct
Russia, Ukraine, Belarus, Estonia, Kazakhstan, Armenia, Moldova 1991 Soviet Union
100%
Slovenia, Croatia, Bosnia and Herzegovina, Serbia, Montenegro, North Macedonia 1991-1992 Yugoslavia
100%
Eritrea 1993 Ethiopia
90%
Bangladesh 1971 Pakistan
90%
Austria, Czechia, Hungary, Slovakia, Slovenia, Croatia, Bosnia and Herzegovina 1918 Austria-Hungary
80%
Texas 1836 Mexico
80%
Philippines 1946 United States
80%
Colombia, Panama, Venezuela, Ecuador 1831 Gran Colombia
60%
Germany, Poland, Russia, Lithuania, Belgium, Denmark 1947 Prussia
50%
United States of America 1776 Britain
40%
No matching quizzes found
Score Distribution
Percent of People with Each Score
Percentile by Number Answered
Your Score History
You have not taken this quiz